000 00615nam a2200205Ia 4500
003 GCL
005 20240530101818.0
008 140319s9999 xx 000 0 ara d
040 _aGCL /
_cGCL
082 0 4 _a332.673
_bع ا
100 1 _aعبدالسلام ابوقحف
245 1 0 _a0000000000000
_cعبدالسلام ابوقحف
260 _a[S.N] :
_bالمكتب العربى الحديث ،
_c1991
300 _a547 ص
650 0 4 _aالاقتصاد
650 0 4 _aالاستثمار
650 0 4 _aالادارة المالية
650 0 4 _aالاستثمارات الاجنبية
942 _2ddc
_cBK
999 _c27874
_d27874